TPE Direct Flights - Statistics

General Stats
  • This quiz has been taken 10 times
  • The average score is 72 of 91
Answers on the Map
Answers color-coded by a green-red scale on the quiz's map according to % correct below.
 
Answer Stats
Answer % Correct
Amsterdam
100%
Auckland
100%
Bangkok Don Mueang
100%
Bangkok Suvarnabhumi
100%
Beijing
100%
Chicago
100%
Dubai
100%
Fiumicino/Rome
100%
Frankfurt
100%
Fukuoka
100%
Guangzhou
100%
Hanoi
100%
Hiroshima
100%
Ho Chi Minh City
100%
Hong Kong
100%
Houston
100%
Incheon/Seoul
100%
Istanbul
100%
Jakarta
100%
Kansai
100%
Kuala Lumpur
100%
London
100%
Los Angeles
100%
Manila
100%
Melbourne
100%
Milan
100%
Munich
100%
Narita/Tokyo
100%
New York City
100%
Paris
100%
Prague
100%
San Francisco
100%
Seattle/Tacoma
100%
Singapore
100%
Sydney
100%
Tokyo Haneda
100%
Toronto
100%
Vancouver
100%
Vienna
100%
Bandar Seri Begawan
86%
Brisbane
86%
Chengdu
86%
Chitose/Sapporo
86%
Denpasar
86%
Nagoya
86%
Naha
86%
Phuket
86%
Shanghai
86%
Shenzhen
86%
Wuhan
86%
Xiamen
86%
Akita
71%
Busan
71%
Chongqing
71%
Da Nang
71%
Fukushima
71%
Fuzhou
71%
Hakodate
71%
Hangzhou
71%
Jeju
71%
Kagoshima
71%
Macau
71%
Matsuyama
71%
Nanjing
71%
Okayama
71%
Penang
71%
Phnom Penh
71%
Phú Quốc
71%
Sendai
71%
Zhengzhou
71%
Angeles
57%
Chiang Mai
57%
Kōchi
57%
Komatsu
57%
Koror
57%
Kumamoto
57%
Mactan/Cebu City
57%
Niigata
57%
Ningbo
57%
Qingdao
57%
Asahikawa
43%
Daegu
43%
Hanamaki
43%
Ishigaki
43%
Saga
43%
Takamatsu
43%
Ibaraki
29%
Kota Kinabalu
29%
Ontario CA
29%
Cheongju
14%
Malay
14%
No matching quizzes found
Score Distribution
Percent of People with Each Score
Percentile by Number Answered
Your Score History
You have not taken this quiz